000 01156cam a2200229 4500
001 J122297
008 030414n2003 000 0 eng u
035 _a(Sirsi) u122297
041 _aeng
050 _a711.1
_c18
110 _aUnited Kingdom
_bOffice of the Deputy Prime Minister
245 _aSatellite dishes and other antennas
_bconsultation on possible changes to planning regulations
260 _aLondon
_bODPM
_c2003
520 _aA public consultation reviewing the restrictions currently imposed under the Town and Country Planning (General Permitted Development) Order 1995 concerning satellite dishes and antennae (not including mobile phone antennae). The consultation closes on 4 July 2003. View at www.dclg.gov.uk.
650 _aSATELLITE DISHES
650 _aSATELLITE ANTENNAS
650 _aTOWN AND COUNTRY PLANNING (GENERAL PERMITTED DEVELOPMENT) ORDER 1995
650 _aENGLAND
690 _aENVIRONMENTAL AND LAND CONSULTANCY-PLANNING AND DEVELOPMENT
856 _uhttps://www.communities.gov.uk/documents/planningandbuilding/pdf/satellitedishesconsultation.pdf
_vView the consultation on the DCLG website...
942 _n0
999 _c72679
_d72679